| 000 | 00715nam a2200241 i 4500 | ||
|---|---|---|---|
| 001 | 12168 | ||
| 003 | ES-MaACL | ||
| 005 | 20250822050633.0 | ||
| 007 | t| | ||
| 008 | 930713s1988 sp |||| | spa j | ||
| 020 | _a84-86524-68-7 | ||
| 080 | _a028.01 | ||
| 100 | 1 |
_aPérez-Rioja, José Antonio, _d1917-2011 _991109 |
|
| 245 | 1 | 3 |
_aLa necesidad y el placer de leer / _cJosé Antonio Pérez-Rioja. |
| 260 |
_aMadrid : _bEditorial Popular, _c[1988] |
||
| 300 |
_a143 p. ; _c21 cm. |
||
| 490 | 1 |
_aPromoción cultural ; _v9 |
|
| 504 | _aBibliografía: p. 135-140. | ||
| 650 | 1 | 7 |
_aLectura _2embne _914059 |
| 830 | 0 |
_aPromoción cultural ; _v9 _9178654 |
|
| 852 |
_aES-MaACL _jL-19511 |
||
| 999 |
_c12168 _d12168 |
||